| 000 | 00621nam a22001817a 4500 | ||
|---|---|---|---|
| 003 | OSt | ||
| 005 | 20250808052700.0 | ||
| 008 | 240529b |||||||| |||| 00| 0 eng d | ||
| 020 | _a9786218205062 | ||
| 040 |
_aDWC-Main Lib _cOC |
||
| 082 | _aFil. 657.4507 D671r 2023 | ||
| 100 | _aDomingo, Andrix D. | ||
| 245 |
_aRFBT : _bregulatory framework for business transaction part 1 / _cAndrix D. Domingo |
||
| 260 |
_aBenguet, Philippines : _bCoaching for Results Publishing, _cc2023. |
||
| 300 |
_a918 pages : _billustrations ; _c24cm. |
||
| 650 | _a1. Accounting -- Examination -- Study guide. | ||
| 942 |
_2ddc _cBK - FIL _kFil. _n0 |
||
| 999 |
_c68 _d68 |
||